| 000 | 01179nam a22002537a 4500 | ||
|---|---|---|---|
| 005 | 20210325205851.0 | ||
| 008 | s2554 th ||||| |||| 00| 0 tha d | ||
| 020 | _a9786162001512 | ||
| 050 | _aQA76.59 จ217บ 2554 | ||
| 100 | 0 | _aกิตินันท์ พลสวัสดิ์ | |
| 245 | 1 | 0 | _aBasic android app development |
| 260 | 3 |
_aนนทบุรี : _bไอดีซี พรีเมียร์, _c2554 |
|
| 300 |
_a254 หน้า : _b ภาพประกอบ, ตาราง ; _c 23 ซม. |
||
| 650 | 0 | 4 | _aแอนดรอยด์ (ระบบปฏิบัติการ) |
| 650 | 0 | 4 | _aโปรแกรมประยุกต์ |
| 650 | 0 | 4 | _aโทรศัพท์เคลื่อนที่ -- โปรแกรมคอมพิวเตอร์ |
| 650 | 0 | 4 | _aแอนดรอยด์ (ทรัพยากรอิเล็กทรอนิกส์) |
| 650 | 0 | 4 | _aAndroid (Electronic resource) |
| 850 | _aNALT | ||
| 942 | _cGB | ||
| 997 | _a40071 | ||
| 997 | _c000000000064662 | ||
| 998 | _aนางสุกัญญา กัลยา | ||
| 999 |
_c64662 _d64662 |
||